مديرية الآثار القديمة العامة

محفوظ في:

مؤلف مشترك: Iraqi government.

التنسيق: كتاب

اللغة: Undetermined

منشور في: Baghdad Matbaeat alhukumat 1957

الوسوم: إضافة وسم

لا توجد وسوم, كن أول من يضع وسما على هذه التسجيلة!

رقم الطلب: A75 IRAQ

LEADER 00334nam a2200121Ia 4500
008 240404s9999||||xx |||||||||||||| ||und||
050 4 |a A75 IRAQ 
110 0 |a Iraqi government. 
245 1 0 |a مديرية الآثار القديمة العامة 
264 1 |a Baghdad  |b Matbaeat alhukumat  |c 1957 
300 |a 24  |c 25 
942 |2 lcc  |c BK 
999 |c 58169  |d 58169